Normal view
MARC view
- Ganguli L.K. & Ganguli A.K
Entry Personal Name
001 - CONTROL NUMBER
- control field: 176363
003 - CONTROL NUMBER IDENTIFIER
- control field: OSt
005 - DATE AND TIME OF LATEST TRANSACTION
- control field: 20230314151951.0
008 - FIXED-LENGTH DATA ELEMENTS
- fixed length control field: 230314|| aca||aabn | a|a d
040 ## - CATALOGING SOURCE
- Original cataloging agency: OSt
- Transcribing agency: OSt
100 ## - HEADING--PERSONAL NAME
- Personal name: Ganguli L.K. & Ganguli A.K
670 ## - SOURCE DATA FOUND
- Source citation: Work cat.: (OSt)135429: Ganguli L.K. & Ganguli A.K., First Aid to the Injured Nursing and Bandaging, 1999